000 00727nam a2200217 i 4500
001 189812
003 ES-MaACL
005 20230906223548.0
008 191128s1966 sp |||| | spa d
100 1 _aLuce, Phillip Abbott.
_9168922
245 1 3 _aLa nueva izquierda /
_cPhillip Abboutt Luce ; [traducción José Cloramuda].
260 _aBarcelona :
_bDima,
_c1966.
300 _a217 p. ;
_c23 cm.
490 1 _aColección "Nuestros días" ;
_v4
650 4 _aComunismo-
_zEstados Unidos.
_9168924
650 4 _aMovimientos estudiantiles-
_zEstados Unidos.
_9168925
700 1 _aCloramuda, José.
_9168923
830 0 _aColección "Nuestros días" ;
_v4
_9193408
852 _aES-MaACL
_jP-1091-4
999 _c189812
_d189812